<?xml version="1.0" encoding="UTF-8"?><?xml-stylesheet type="text/xsl" href="static/style.xsl"?><OAI-PMH xmlns="http://www.openarchives.org/OAI/2.0/" xmlns:xsi="http://www.w3.org/2001/XMLSchema-instance" xsi:schemaLocation="http://www.openarchives.org/OAI/2.0/ http://www.openarchives.org/OAI/2.0/OAI-PMH.xsd"><responseDate>2026-04-28T08:28:45Z</responseDate><request verb="GetRecord" identifier="oai:riubu.ubu.es:10259/5125" metadataPrefix="marc">https://riubu.ubu.es/oai/request</request><GetRecord><record><header><identifier>oai:riubu.ubu.es:10259/5125</identifier><datestamp>2022-04-26T11:42:10Z</datestamp><setSpec>com_10259_2699</setSpec><setSpec>col_10259_2701</setSpec></header><metadata><record xmlns="http://www.loc.gov/MARC21/slim" xmlns:doc="http://www.lyncode.com/xoai" xmlns:xsi="http://www.w3.org/2001/XMLSchema-instance" xmlns:dcterms="http://purl.org/dc/terms/" xsi:schemaLocation="http://www.loc.gov/MARC21/slim http://www.loc.gov/standards/marcxml/schema/MARC21slim.xsd">
<leader>00925njm 22002777a 4500</leader>
<datafield tag="042" ind1=" " ind2=" ">
<subfield code="a">dc</subfield>
</datafield>
<datafield tag="720" ind1=" " ind2=" ">
<subfield code="a">Ruiz Crespo, Silvia</subfield>
<subfield code="e">author</subfield>
</datafield>
<datafield tag="260" ind1=" " ind2=" ">
<subfield code="c">2015</subfield>
</datafield>
<datafield tag="520" ind1=" " ind2=" ">
<subfield code="a">Es conocido el efecto de alimentos con compuestos bioactivos con capacidad antioxidante, como los compuestos fenólicos, sobre  la prevención de enfermedades  como la aterosclerosis o el infarto. Por ello, el objetivo de esta tesis doctoral fue conocer el efecto del tratamiento  con ácido 3-cafeoilquínico, sobre el infarto cerebral en animales de experimentación y sobre biomarcadores plasmáticos de estrés oxidativo. Los resultados muestran un efecto preventivo del  ácido 3-cafeolquínico sobre el infarto cerebral en ratas a las que se les provocó un ictus isquémico, acompañado de una disminución del biomarcador de peroxidación lipídica plasmático. Además, el diseño de un modelo de coordenadas del tejido cerebral permitirá evaluar el tejido infartado sin necesidad de someterlo a tinciones que interfieren con su estudio.</subfield>
</datafield>
<datafield tag="024" ind2=" " ind1="8">
<subfield code="a">http://hdl.handle.net/10259/5125</subfield>
</datafield>
<datafield tag="024" ind2=" " ind1="8">
<subfield code="a">10.36443/10259/5125</subfield>
</datafield>
<datafield ind1=" " ind2=" " tag="653">
<subfield code="a">Infarto cerebral</subfield>
</datafield>
<datafield ind1=" " ind2=" " tag="653">
<subfield code="a">isquemia cerebral experimental</subfield>
</datafield>
<datafield ind1=" " ind2=" " tag="653">
<subfield code="a">café</subfield>
</datafield>
<datafield ind1=" " ind2=" " tag="653">
<subfield code="a">ácido 3-cafeoilquínico</subfield>
</datafield>
<datafield ind1=" " ind2=" " tag="653">
<subfield code="a">estrés oxidativo</subfield>
</datafield>
<datafield ind1=" " ind2=" " tag="653">
<subfield code="a">Cerebral infarction</subfield>
</datafield>
<datafield ind1=" " ind2=" " tag="653">
<subfield code="a">experimental brain ischemia</subfield>
</datafield>
<datafield ind1=" " ind2=" " tag="653">
<subfield code="a">Coffee</subfield>
</datafield>
<datafield ind1=" " ind2=" " tag="653">
<subfield code="a">3-caffeoylquinic acid</subfield>
</datafield>
<datafield ind1=" " ind2=" " tag="653">
<subfield code="a">oxidative stress</subfield>
</datafield>
<datafield tag="245" ind1="0" ind2="0">
<subfield code="a">Efecto del ácido 3-cafeoilquínico en el volumen de infarto cerebral y en marcadores plasmáticos de estrés oxidativo en un modelo en animal experimental: desarrollo de un modelo para el estudio del estrés oxidativo en tejido cerebral infartado</subfield>
</datafield>
</record></metadata></record></GetRecord></OAI-PMH>